ბათუმის შოთა რუსთაველის სახელმწიფო უნივერსიტეტის ბიბლიოთეკა

Монтаж оборудования предприятий химической и нефтехимической промишленности. (ბიბ.ჩანაწერი № 37353)

000 -LEADER
fixed length control field 00852nam a2200229Ia 4500
001 - CONTROL NUMBER
control field 3312
003 - CONTROL NUMBER IDENTIFIER
control field GE_BSU
008 - FIXED-LENGTH DATA ELEMENTS--GENERAL INFORMATION
fixed length control field 181216s||||||||xx |||||||||||||| ||und||
040 ## - CATALOGING SOURCE
Transcribing agency GE_BSU
080 ## - UNIVERSAL DECIMAL CLASSIFICATION NUMBER
Universal Decimal Classification number 66.013(075.32)
100 ## - MAIN ENTRY--PERSONAL NAME
Personal name Гайдамак,К.М. Тыркин,Б.А.
245 ## - TITLE STATEMENT
Title Монтаж оборудования предприятий химической и нефтехимической промишленности.
245 ## - TITLE STATEMENT
Remainder of title Учебн.
245 ## - TITLE STATEMENT
Statement of responsibility, etc. Ред.О.К.Мухина.
250 ## - EDITION STATEMENT
Edition statement Изд 3-ое,перераб.и доп.
260 ## - PUBLICATION, DISTRIBUTION, ETC.
Place of publication, distribution, etc. М.
260 ## - PUBLICATION, DISTRIBUTION, ETC.
Name of publisher, distributor, etc. Высш. школа.
260 ## - PUBLICATION, DISTRIBUTION, ETC.
Date of publication, distribution, etc. 1983.
300 ## - PHYSICAL DESCRIPTION
Extent 271стр.с илл.21см.
653 ## - INDEX TERM--UNCONTROLLED
Uncontrolled term Монтаж оборудования предприятий химической и нефтехимической промишленности.
942 ## - ADDED ENTRY ELEMENTS (KOHA)
Koha item type წიგნი
ეგზემპლარები
Withdrawn status Lost status Damaged status Not for loan Date acquired Barcode Date last seen Price effective from Koha item type
        2018-12-17 9325 2018-12-17 2018-12-17 წიგნი